| 000 | 00711cab a2200241 4500 | ||
|---|---|---|---|
| 001 | WB3410-42 | ||
| 008 | 090401t1998 xxu||||| |||| 00| 0 eng d | ||
| 035 | _a(Sirsi) u84839 | ||
| 041 | _aeng | ||
| 245 | _aGreener derelict land | ||
| 260 | _c1998 | ||
| 350 | _a0 | ||
| 490 |
_aForestry Commission News Release _v(1178) 6 March 1998, (3) |
||
| 520 | _aThe Forestry Commission is creating a Land Regeneration Unit to provide advice on planting trees on former coal tips and derelict land. | ||
| 650 | _aDERELICT LAND | ||
| 650 | _aFORESTRY COMMISSION | ||
| 650 | _aFORESTRY | ||
| 650 | _aLAND REGENERATION UNIT | ||
| 650 | _aTREE PLANTING | ||
| 690 | _aLAND | ||
| 942 | _n0 | ||
| 948 | _c12/03/1998 | ||
| 999 |
_c53349 _d53349 |
||